Joueurs ayant depassé les 50 pts sur un match depuis 2010 - Statistiques

Statistiques générales
  • Ce quiz a été pris 391 fois
  • Le résultat moyen est 13 sur 37
Statistiques - réponses
Hint Réponse % Correct
4 LeBron James
99%
6 Stephen Curry
91%
23 James Harden
86%
6 Kevin Durant
83%
1 Kobe Bryant
81%
5 Russel Westbrook
77%
9 Damian Lillard
62%
3 Klay Thompson
60%
4 Kyrie Irving
55%
3 Devin Booker
51%
4 Anthony Davis
50%
2 Giannis Antetokounmpo
49%
1 Derrick Rose
47%
3 Carmelo Anthony
38%
2 Jimmy Butler
31%
1 DeMar DeRozan
30%
1 Trae Young
27%
3 Bradley Beal
26%
1 Karl-Anthony Towns
26%
1 Blake Griffin
25%
2 DeMarcus Cousins
23%
1 John Wall
22%
1 Kevin Love
19%
1 Deron Williams
17%
1 Lou Williams
17%
1 Mo Williams
17%
1 CJ McCollum
15%
1 Isaiah Thomas
15%
2 Kemba Walker
15%
1 LaMarcus Aldridge
12%
1 Jamal Crawford
11%
1 D'Angelo Russell
10%
1 Khris Middleton
10%
1 Andre Miller
6%
1 Eric Gordon
6%
1 Corey Brewer
5%
1 Terrence Ross
5%
Aucun quiz correspondant
Distribution des résultats
% des personnes avec chaque résultat
Percentile par nombre de réponses
Votre historique - résultats
Vous n’avez pas pris ce quiz